000 00333nam a2200145Ia 4500
008 230917s9999||||xx |||||||||||||| ||und||
040 _e122968
_aMAIN
041 _aEnglish
082 _a869.3 C65A
100 _aCoelho, Paulo
245 0 _aAlchemist
260 _aLondon
_bHarper Collins
_c1988
300 _a161 p.
942 _cBK
999 _c148040
_d148040